Normal view
MARC view
- PHYSICS.ADVANCED MATERIALS.CONTROL ENGINEERING.COMPUTATIONAL FLUID DYNAMICS.TECHNOLOGY
Entry Topical Term
001 - CONTROL NUMBER
- control field: 63214
003 - CONTROL NUMBER IDENTIFIER
- control field: NUST
005 - DATE AND TIME OF LATEST TRANSACTION
- control field: 20210628203059.0
008 - FIXED-LENGTH DATA ELEMENTS
- fixed length control field: 210628|| aca||aabn | a|a d
040 ## - CATALOGING SOURCE
- Original cataloging agency: NUST
- Transcribing agency: NUST
150 ## - HEADING--TOPICAL TERM
- Topical term or geographic name entry element: PHYSICS.ADVANCED MATERIALS.CONTROL ENGINEERING.COMPUTATIONAL FLUID DYNAMICS.TECHNOLOGY
670 ## - SOURCE DATA FOUND
- Source citation: Work cat.: (NUST): Hafeez R. Hoorani , Arshad Munir , Raza Samar , Salimuddin Zahir 63213, International bhurban conference on applied sciences and technology , vol-1, 2003
